1588 1118 1194 1340 1952 1960 1644 1234 1080 1683 1546 1649 1783 1357 1436 1717 1462 1766 1326 1892 1578 1481 1236 1187 1425 1244 1202 1134 1831 1265 1293 1291 1817 1412 1162 1420 1154 1963 1617 1707 1021 1011 1844 1209 1638 1943 1457 1687 1291 1416 1402 1194 1738 1947 1308 1395 1604 1553 1553 1122 1237 1121 1299 1968 1907 1043 1220 1865 1395 1311 1464 1033 1113 1516 1348 1857 1704 1279 1786 1593 1629 2000 1875 1807 1675 1974 1825 1207 1593 1604 1362 1526 1437 1068 1050 1915 1298 1529 1778 BCNSPRNW ULIB Ver.6.0+V

เปลี่ยนเป็นภาษาไทย

Change to English
 แสดงรายละเอียดบรรณานุกรม
  กลับหน้าหลัก

Brief Record : Get Marc (ISO 2709) : E-mail record : QR code < ปิดหน้าต่าง
LEADER : 00000nam 2200000uu 4500
001    13399121805
003     ULIB
008    121207s2552||||th 000 0 tha d
020    ^a9789746724081
060 04 ^aWE708^bต237ร 2552
100 0  ^aต่อพงษ์ บุญมาประเสริฐ
245 10 ^aโรคกระดูกคอเสื่อม =^bDegenerative diseases of the cervicalspine /^cต่อพงษ์ บุญมาประเสริฐ
246 31 ^aDegenerative diseases of the cervical spine
250    ^aพิมพ์ครั้งที่ 1
260    ^aเชียงใหม่ :^bภาควิชาออร์โทปิดิกส์ คณะแพทยศาสตร์มหาวิทยาลัยเชียงใหม่,^c2552
300    ^axii, 320 หน้า :^bภาพประกอบ (สีบางภาพ) ;^c27 ซม.
500    ^aหนังสือเล่มนี้ได้รับการสนับสนุนจากโครงการตำราคณะแพทยศาสตร์ มหาวิทยาลัยเชียงใหม่
650  7 ^aกระดูกสันหลังส่วนคอ
650  7 ^aกระดูกสันหลัง, โรค
650  7 ^aคอ
710 2  ^aมหาวิทยาลัยเชียงใหม่. ^bคณะแพทยศาสตร์.^bภาควิชาออร์โทปิดิกส์
945    ^p0^l0^i15859
945    ^p0^l0^i15803
945    ^p0^l0^i15860
945    ^p450^l0^i15802
995    ^aกัณชพร
999 ^a ใช้งานได้ทุกระบบ
รายการนี้ยังไม่มีแท็ก
คุณยังไม่ได้ล็อกอิน คุณสามารถมีกิจกรรมร่วมกับเว็บไซต์ได้ แต่ต้องล็อกอินก่อน ::
  ล็อกอิน

รายการสื่อสารสนเทศ

ลำดับที่ ประเภท เลขเรียก/บาร์โค้ด สถานที่ สถานะ
- ไม่พบข้อมูล -

รายการใกล้เคียง
    ผู้แต่ง [ต่อพงษ์ บุญมาประเสริฐ]

    หัวเรื่อง [กระดูกสันหลังส่วนคอ]
    หัวเรื่อง [กระดูกสันหลัง, โรค]
    หัวเรื่อง [คอ]

BibComment


ยังไม่เคยถูกคอมเมนท์

คอมเมนท์ทรัพยากรรายการนี้
  คอมเมนท์: โรคกระดูกคอเสื่อ..


 Copyright 2026. Bcnsprnw @Library